000
00295nam a22001337a 4500
008
170210b xxu||||| |||| 00| 0 eng d
020
_a
9780721600048
041
_a
eng
080
_2
5TH
_a
61
100
_a
4
101
_a
SHM
245
_a
MATERNAL-FETAL MEDICINE
_c
CREASY, R.K
942
_2
udc
_c
BK
999
_c
5175
_d
5175